000 00454ntaaa2200169 4500
003 01
005 20251027201555.0
008 0714s1973 ag 01
040 _aAR-BaBN
_bspa
_cAR-BaBN
_eaacr
_dRIC
082 _a230.0000 En3
100 _aEngland, H. G.
_914366
245 _aRevelation of the Word; a reconstruction outline of Christian theology.
250 _a1 ed. :
_bJ. Murray,
_cc/943
300 _axi, 174 p.
650 _aTeologĂ­a
942 _cBK
999 _c10320
_d10320